Lectures on administrative law /

Մատենագիտական մանրամասներ
Հիմնական հեղինակ: Kesari, Uma Pati Das
Ձևաչափ: Գիրք
Հրապարակվել է: Allahabad : Central Law Publications, 2008.
Հրատարակություն:Seventeenth edition.
Խորագրեր:
Classic Catalogue: View this record in Classic Catalogue
LEADER 02348nam a2200289 a 4500
001 0017451
003 BD-DhAAL
008 091021s1993 ii 001 0 eng d
040 |a MH-L  |c MH-L  |d BD-DhAAL 
082 0 0 |a 340.954  |2 19 
100 1 |a Kesari, Uma Pati Das.  |9 58512 
245 0 0 |a Lectures on administrative law /  |c by U.P.D. Kesari and Aditya Kesari. 
250 |a Seventeenth edition. 
260 |a Allahabad :  |b Central Law Publications,   |c 2008. 
300 |a xl, 570 p. ;  |c 24 cm 
504 |a  Includes bibliographical references and index. 
526 |a SOL  |x Saira Rahman Khan Assistant Professor School of Law BRAC University 
541 1 |e 0017451  |a D. S. Books International 
650 0 |a Administrative law  |z India 
852 4 |a Ayesha Abed Library  |c General Stacks 
942 |2 ddc  |c BK 
999 |c 5058  |d 5058 
952 |0 0  |1 0  |2 ddc  |4 0  |6 340_954000000000000_KES_2008  |7 0  |9 4893  |a BRACUL  |b BRACUL  |c GEN  |d 2009-11-03  |e D. S. Books International  |l 0  |o 340.954 KES  |p 3010017454  |r 2009-11-03  |t 4  |v 1000.00  |w 2009-11-03  |y BK  |x Requisitioned by Saira Rahman Khan (Assistant Professor), School of Law, BRAC University ; USD 5.00 
952 |0 0  |1 0  |2 ddc  |4 0  |6 340_954000000000000_KES_2008  |7 0  |9 4894  |a BRACUL  |b BRACUL  |c GEN  |d 2009-11-03  |e D. S. Books International  |l 3  |m 27  |o 340.954 KES  |p 3010017451  |r 2026-01-06  |s 2025-10-06  |t 1  |v 1000.00  |w 2009-11-03  |y BK  |x Requisitioned by Saira Rahman Khan (Assistant Professor), School of Law, BRAC University ; USD 5.00 
952 |0 0  |1 0  |2 ddc  |4 0  |6 340_954000000000000_KES_2008  |7 0  |9 4895  |a BRACUL  |b BRACUL  |c GEN  |d 2009-11-03  |e D. S. Books International  |l 2  |m 16  |o 340.954 KES  |p 3010017452  |r 2026-02-19  |s 2025-10-06  |t 2  |v 1000.00  |w 2009-11-03  |y BK  |x Requisitioned by Saira Rahman Khan (Assistant Professor), School of Law, BRAC University ; USD 5.00 
952 |0 0  |1 0  |2 ddc  |4 0  |6 340_954000000000000_KES_2008  |7 0  |9 4896  |a BRACUL  |b BRACUL  |c GEN  |d 2009-11-03  |e D. S. Books International  |l 2  |m 26  |o 340.954 KES  |p 3010017453  |r 2018-05-17  |s 2018-02-25  |t 3  |v 1000.00  |w 2009-11-03  |y BK  |x Requisitioned by Saira Rahman Khan (Assistant Professor), School of Law, BRAC University ; USD 5.00 
952 |0 0  |1 0  |2 ddc  |4 0  |6 340_954000000000000_KES_2008  |7 0  |9 4897  |a BRACUL  |b BRACUL  |c GEN  |d 2009-11-03  |e D. S. Books International  |l 1  |m 11  |o 340.954 KES  |p 3010017455  |r 2018-05-08  |s 2018-02-22  |t 5  |v 1000.00  |w 2009-11-03  |y BK  |x Requisitioned by Saira Rahman Khan (Assistant Professor), School of Law, BRAC University ; USD 5.00